[Event "4NCL Division 2a"]
[Site "Northampton, ENG"]
[Date "2018.02.10"]
[Round "5.11"]
[White "Lupulescu, Constantin"]
[Black "Townsend, M Paul"]
[Result "1-0"]
[WhiteElo "2626"]
[BlackElo "2297"]
[PlyCount "53"]
[EventDate "2018.02.10"]
[WhiteTeam "Manx Liberty"]
[BlackTeam "White Rose 2"]

1. d4 Nf6 2. c4 e6 3. Nc3 d5 4. cxd5 exd5 5. Bg5 c6 6. e3 Be7 7. Bd3 Nbd7 8.
Nge2 h6 9. Bh4 Nh5 10. Bxe7 Qxe7 11. Qd2 Nb6 12. f3 Bd7 13. O-O O-O 14. Rae1
Rae8 15. Nc1 Nc8 16. e4 dxe4 17. fxe4 Qg5 18. Qf2 f5 19. e5 Ne7 20. Be2 Ng6 21.
Nd3 b6 22. g3 Be6 23. Qf3 Qg4 24. Qe3 Qh3 25. Nf2 f4 26. Nxh3 fxe3 27. Bxh5 1-0

[Event "4NCL Division 2a"]
[Site "Northampton, ENG"]
[Date "2018.02.10"]
[Round "5.12"]
[White "Chow, Samuel"]
[Black "Parligras, Mircea-Emilian"]
[Result "0-1"]
[WhiteElo "2313"]
[BlackElo "2638"]
[PlyCount "74"]
[EventDate "2018.02.10"]
[WhiteTeam "White Rose 2"]
[BlackTeam "Manx Liberty"]

1. Nf3 d5 2. g3 Nf6 3. Bg2 c5 4. O-O e6 5. d4 cxd4 6. Nxd4 e5 7. Nb3 Be6 8. Nc3
Nc6 9. Bg5 d4 10. Ne4 Be7 11. Nxf6+ gxf6 12. Bh6 Rg8 13. c3 dxc3 14. bxc3 f5
15. Qb1 Qc7 16. Be3 Rd8 17. Bh3 Qc8 18. Nc5 Bxc5 19. Bxc5 b6 20. Be3 h5 21. Bg2
Bd5 22. Rd1 Bxg2 23. Kxg2 Rxd1 24. Qxd1 f4 25. Bd2 h4 26. Be1 hxg3 27. hxg3 Rh8
28. Qd5 Rh6 29. Kg1 Qf5 30. Qf3 e4 31. Qxf4 Qh7 32. f3 Rh1+ 33. Kf2 exf3 34.
exf3 Qc2+ 35. Ke3 Rh5 36. Bd2 Rd5 37. Ke2 Qd3+ 0-1

[Event "4NCL Division 2a"]
[Site "Northampton, ENG"]
[Date "2018.02.10"]
[Round "5.13"]
[White "Cyborowski, Lukasz"]
[Black "Shaw, Peter"]
[Result "1-0"]
[WhiteElo "2508"]
[BlackElo "2119"]
[PlyCount "65"]
[EventDate "2018.02.10"]
[WhiteTeam "Manx Liberty"]
[BlackTeam "White Rose 2"]

1. c4 f5 2. g3 Nf6 3. Bg2 e6 4. Nc3 Be7 5. d3 O-O 6. e4 fxe4 7. dxe4 Nc6 8. h3
Bc5 9. Nf3 d6 10. O-O Qe8 11. Qe2 e5 12. Be3 Bxe3 13. Qxe3 Qh5 14. g4 Nxg4 15.
hxg4 Bxg4 16. Nh2 Rf4 17. Nd5 Raf8 18. f3 Be6 19. Nxf4 exf4 20. Qd2 Ne5 21. Rf2
Rf6 22. Bf1 Rg6+ 23. Kh1 Qh4 24. c5 dxc5 25. Rd1 Kf7 26. b3 Rg3 27. Bg2 Rg6 28.
Kg1 c6 29. Qd8 Qxd8 30. Rxd8 Nd7 31. Rc8 Ke7 32. Rc7 a5 33. Rd2 1-0

[Event "4NCL Division 2a"]
[Site "Northampton, ENG"]
[Date "2018.02.10"]
[Round "5.14"]
[White "Arnott, Jonathan W"]
[Black "Bobras, Piotr"]
[Result "1-0"]
[WhiteElo "2105"]
[BlackElo "2516"]
[PlyCount "71"]
[EventDate "2018.02.10"]
[WhiteTeam "White Rose 2"]
[BlackTeam "Manx Liberty"]

1. e4 c5 2. c3 d5 3. exd5 Qxd5 4. d4 Nf6 5. Nf3 Bg4 6. Nbd2 cxd4 7. Bc4 Qd6 8.
Qb3 Nc6 9. Bxf7+ Kd8 10. Nc4 Qc7 11. Nxd4 Nxd4 12. cxd4 e6 13. Ne5 Bd6 14. Nxg4
Qxf7 15. Ne5 Bxe5 16. dxe5 Nd5 17. O-O h5 18. Bg5+ Ke8 19. f4 g6 20. Rac1 Qd7
21. Bf6 Rg8 22. Rfd1 Kf7 23. Rc5 Rgd8 24. Bxd8 Rxd8 25. Qc2 Qe7 26. Rc1 Rd7 27.
Rc8 Qh4 28. Qf2 Qg4 29. h3 Qf5 30. Qc5 Kg7 31. Rg8+ Kxg8 32. Qc8+ Kg7 33. Qxd7+
Kh6 34. Rc8 Qxf4 35. Rh8+ Kg5 36. Qd8+ 1-0

[Event "4NCL Division 2a"]
[Site "Northampton, ENG"]
[Date "2018.02.10"]
[Round "5.15"]
[White "Galyas, Miklos"]
[Black "Gayson, Peter M"]
[Result "1-0"]
[WhiteElo "2506"]
[BlackElo "2151"]
[PlyCount "63"]
[EventDate "2018.02.10"]
[WhiteTeam "Manx Liberty"]
[BlackTeam "White Rose 2"]

1. d4 f5 2. Bg5 g6 3. Nc3 Bg7 4. h4 h6 5. Bf4 Nf6 6. e3 O-O 7. Qf3 d6 8. Bc4+
e6 9. Nge2 Nc6 10. a3 Qe8 11. Bh2 Kh7 12. O-O-O e5 13. Nd5 Nxd5 14. Bxd5 Bd7
15. Kb1 Rb8 16. Bb3 b5 17. Nc3 exd4 18. Nd5 Qd8 19. Bf4 Ne5 20. Qg3 dxe3 21.
Bg5 Qe8 22. Nxc7 Qc8 23. h5 hxg5 24. Qxg5 Nc4 25. hxg6+ Kg8 26. Nd5 Re8 27.
Nf6+ Kf8 28. fxe3 Qd8 29. Rxd6 Qe7 30. Nxd7+ Kg8 31. Qxe7 Rxe7 32. Nxb8 1-0

[Event "4NCL Division 2a"]
[Site "Northampton, ENG"]
[Date "2018.02.10"]
[Round "5.16"]
[White "Burnett, Jim"]
[Black "Seger, Ruediger"]
[Result "1/2-1/2"]
[WhiteElo "2086"]
[BlackElo "2342"]
[PlyCount "42"]
[EventDate "2018.02.10"]
[WhiteTeam "White Rose 2"]
[BlackTeam "Manx Liberty"]

1. d4 Nf6 2. Bg5 e6 3. e3 c5 4. c3 b6 5. Nd2 Bb7 6. Ngf3 Be7 7. Bd3 d6 8. Qe2
Nbd7 9. O-O O-O 10. e4 e5 11. dxe5 Nxe5 12. Nxe5 dxe5 13. Rfd1 Ne8 14. Bxe7
Qxe7 15. Ba6 Bc6 16. Bb5 Bxb5 17. Qxb5 Qb7 18. a4 Rd8 19. f3 Nc7 20. Qb3 Qc6
21. Nc4 Qe6 1/2-1/2

[Event "4NCL Division 2a"]
[Site "Northampton, ENG"]
[Date "2018.02.10"]
[Round "5.17"]
[White "Kolbus, Dietmar"]
[Black "Li, Harry"]
[Result "1-0"]
[WhiteElo "2292"]
[BlackElo "2035"]
[PlyCount "93"]
[EventDate "2018.02.10"]
[WhiteTeam "Manx Liberty"]
[BlackTeam "White Rose 2"]

1. c4 e5 2. g3 d5 3. cxd5 Nf6 4. Qa4+ Qd7 5. Qxd7+ Nbxd7 6. Bg2 Nb6 7. Nc3 Bb4
8. Nf3 e4 9. Nd4 Bxc3 10. dxc3 Nbxd5 11. c4 Nb4 12. a3 c5 13. axb4 cxd4 14. b3
d3 15. exd3 exd3 16. Be3 O-O 17. Kd2 Bf5 18. f3 Rfe8 19. Rhe1 a6 20. Bd4 Re6
21. Re5 Rd8 22. Bc3 Rxe5 23. Bxe5 Nd7 24. Re1 Nxe5 25. Rxe5 Be6 26. f4 b6 27.
Bb7 Bc8 28. Rd5 Rf8 29. Bxc8 Rxc8 30. Kxd3 Kf8 31. Rd6 Rb8 32. Rd7 a5 33. Kc3
Ke8 34. Ra7 axb4+ 35. Kxb4 h6 36. Kb5 g5 37. Ra6 gxf4 38. gxf4 Rd8 39. Rxb6 Rd3
40. b4 Rh3 41. c5 Rxh2 42. Rb8+ Kd7 43. Kb6 Rc2 44. b5 h5 45. c6+ Kd6 46. Rd8+
Ke7 47. c7 1-0

[Event "4NCL Division 2a"]
[Site "Northampton, ENG"]
[Date "2018.02.10"]
[Round "5.18"]
[White "Camp, Imogen A L"]
[Black "Akeya-Price, Robert"]
[Result "0-1"]
[WhiteElo "1990"]
[BlackElo "1822"]
[PlyCount "140"]
[EventDate "2018.02.10"]
[WhiteTeam "White Rose 2"]
[BlackTeam "Manx Liberty"]

1. d4 Nf6 2. c4 e6 3. Nf3 b6 4. g3 Bb7 5. Bg2 Bb4+ 6. Bd2 Qe7 7. O-O Bxd2 8.
Nbxd2 O-O 9. Qc2 d5 10. Ne5 c5 11. e3 cxd4 12. exd4 dxc4 13. Ndxc4 Bxg2 14.
Kxg2 Rc8 15. Qe2 Nbd7 16. Rfd1 Nd5 17. Rac1 b5 18. Na5 Nxe5 19. dxe5 Qg5 20.
Rxc8+ Rxc8 21. Kh1 Qf5 22. Nb3 Rc2 23. Rd2 Rxd2 24. Nxd2 g6 25. Nf1 a6 26. Kg2
Qb1 27. a3 Qc1 28. a4 bxa4 29. Qxa6 Qxb2 30. Qxa4 Qxe5 31. Nd2 Kg7 32. Nf3 Qf6
33. Qe4 h6 34. Ne5 Qf5 35. Qd4 Nf6 36. Qc3 Ne4 37. Qb2 Qf6 38. f3 Nd6 39. Qd4
Nf5 40. Qe4 Qd8 41. Ng4 Qd2+ 42. Kh3 Qd5 43. Qe2 h5 44. Qb2+ Qd4 45. Qxd4+ Nxd4
46. Ne5 f6 47. Nd7 Nxf3 48. Kg2 Nd4 49. h3 Kf7 50. g4 hxg4 51. hxg4 Ke7 52. Nc5
Kd6 53. Nd3 e5 54. Kg3 Kd5 55. Nf2 Ne6 56. Kf3 Ng5+ 57. Ke3 f5 58. gxf5 gxf5
59. Nd3 Ne6 60. Nb4+ Kd6 61. Nd3 Nc7 62. Nf2 Nd5+ 63. Kf3 Nf6 64. Nd1 e4+ 65.
Kf4 Ke6 66. Nf2 Nd5+ 67. Kg3 Ke5 68. Nd1 f4+ 69. Kf2 Kd4 70. Ke2 Nc3+ 0-1

[Event "4NCL Division 2a"]
[Site "Northampton, ENG"]
[Date "2018.02.10"]
[Round "5.21"]
[White "Murphy, Hugh W"]
[Black "Tukpetov, Evgeny"]
[Result "0-1"]
[WhiteElo "2104"]
[BlackElo "2280"]
[PlyCount "100"]
[EventDate "2018.02.10"]
[WhiteTeam "Grantham Sharks 2"]
[BlackTeam "Kings Head"]

1. d4 d5 2. Bf4 Nc6 3. e3 Nf6 4. c4 e6 5. Nc3 Bd6 6. Bg3 O-O 7. Nf3 a6 8. cxd5
exd5 9. Be2 Re8 10. O-O Ne4 11. Qb3 Bg4 12. Rfe1 Nxc3 13. bxc3 Bxg3 14. hxg3 b5
15. a4 Na5 16. Qb4 c6 17. Ne5 Bxe2 18. Rxe2 f6 19. Nd3 Nc4 20. Rea2 a5 21. Qc5
Qd7 22. Nb2 Reb8 23. e4 Nd2 24. exd5 cxd5 25. Qa3 Qf5 26. axb5 Rxb5 27. Nd1 Nc4
28. Qe7 Rab8 29. Re2 R5b7 30. Qc5 Rc8 31. Ne3 Nxe3 32. Qxa5 Rb1+ 33. Re1 Rxa1
34. Rxa1 Ng4 35. f3 Ne3 36. Re1 Nc4 37. Qb5 h5 38. Re7 Nd2 39. Kh2 h4 40. gxh4
Qf4+ 41. Kg1 Nxf3+ 42. gxf3 Qg3+ 43. Kf1 Qxf3+ 44. Kg1 Rxc3 45. Qe8+ Kh7 46.
Re1 Qg3+ 47. Kf1 Rf3+ 48. Ke2 Rf2+ 49. Kd1 Qf3+ 50. Kc1 Qc3+ 0-1

[Event "4NCL Division 2a"]
[Site "Northampton, ENG"]
[Date "2018.02.10"]
[Round "5.22"]
[White "Guthrie, David"]
[Black "Varnam, Liam D"]
[Result "1/2-1/2"]
[WhiteElo "2167"]
[BlackElo "2078"]
[PlyCount "78"]
[EventDate "2018.02.10"]
[WhiteTeam "Kings Head"]
[BlackTeam "Grantham Sharks 2"]

1. Nf3 Nf6 2. c4 c5 3. d4 cxd4 4. Nxd4 e5 5. Nb5 d5 6. cxd5 Bc5 7. e3 a6 8.
N5c3 O-O 9. Be2 e4 10. O-O Qe7 11. Nd2 Rd8 12. a3 Bf5 13. b4 Bd6 14. Nc4 Nbd7
15. f4 exf3 16. gxf3 Bh3 17. Rf2 Be5 18. Nxe5 Qxe5 19. Bd2 Nxd5 20. Nxd5 Qxd5
21. e4 Qd4 22. Bg5 Qxd1+ 23. Rxd1 f6 24. Bc4+ Kh8 25. Be3 Ne5 26. Rxd8+ Rxd8
27. Bd5 Rc8 28. f4 Rc3 29. fxe5 Rxe3 30. Rf4 Rxa3 31. exf6 gxf6 32. Bxb7 Kg7
33. Kf2 Ra4 34. Ke3 Bd7 35. Rf2 Rxb4 36. Bxa6 Be6 37. Bd3 Rb3 38. Kd4 Rb4+ 39.
Ke3 Rb3 1/2-1/2

[Event "4NCL Division 2a"]
[Site "Northampton, ENG"]
[Date "2018.02.10"]
[Round "5.23"]
[White "Birtwistle, Nigel"]
[Black "Davey, Mark"]
[Result "1/2-1/2"]
[WhiteElo "2147"]
[BlackElo "1990"]
[PlyCount "129"]
[EventDate "2018.02.10"]
[WhiteTeam "Grantham Sharks 2"]
[BlackTeam "Kings Head"]

1. Nf3 d5 2. c4 e6 3. g3 Nf6 4. Bg2 Be7 5. O-O O-O 6. d4 Nbd7 7. Qc2 Ne4 8. Nc3
f5 9. cxd5 Nxc3 10. bxc3 exd5 11. c4 Nf6 12. cxd5 Nxd5 13. Qb3 Kh8 14. Ne5 c6
15. e3 Bd6 16. Ba3 Bxa3 17. Qxa3 Be6 18. Rab1 Nb6 19. Rfc1 Re8 20. Qa5 Qe7 21.
a4 Bd5 22. Qb4 Bxg2 23. Kxg2 Rab8 24. Qxe7 Rxe7 25. a5 Nd7 26. Nxd7 Rxd7 27.
Rxc6 Kg8 28. Rc5 g6 29. h4 Kf7 30. h5 b6 31. hxg6+ hxg6 32. axb6 axb6 33. Rc6
b5 34. Rb4 Rdb7 35. Kf3 Re7 36. Rc5 Reb7 37. Kf4 Re8 38. Rcxb5 Rc7 39. Rb7 Ree7
40. Rxc7 Rxc7 41. Rb6 Rc2 42. f3 Rf2 43. g4 fxg4 44. Kxg4 Rg2+ 45. Kf4 Rh2 46.
Ke4 Rh5 47. f4 Rh3 48. d5 Rg3 49. Kd4 Rf3 50. Re6 Rh3 51. e4 Rh4 52. Ke5 Rh5+
53. Kd6 Rh4 54. e5 Rxf4 55. Rf6+ Rxf6+ 56. exf6 g5 57. Ke5 g4 58. d6 g3 59. d7
g2 60. d8=Q g1=Q 61. Qe7+ Kg8 62. f7+ Kh8 63. f8=Q+ Qg8 64. Qh6+ Qh7 65. Qhxh7#
1/2-1/2

[Event "4NCL Division 2a"]
[Site "Northampton, ENG"]
[Date "2018.02.10"]
[Round "5.24"]
[White "Gilfillan, Andrew"]
[Black "Milson, Samuel A"]
[Result "0-1"]
[WhiteElo "1973"]
[BlackElo "2105"]
[PlyCount "106"]
[EventDate "2018.02.10"]
[WhiteTeam "Kings Head"]
[BlackTeam "Grantham Sharks 2"]

1. e4 e6 2. d3 d5 3. Nd2 Nf6 4. Ngf3 b6 5. g3 Bb7 6. e5 Nfd7 7. Bg2 c5 8. O-O
Nc6 9. Re1 g5 10. c4 Nb4 11. Nf1 g4 12. Nh4 Qc7 13. a3 Nc6 14. cxd5 Ncxe5 15.
Bf4 Bd6 16. d4 cxd4 17. Rc1 Qb8 18. dxe6 fxe6 19. Qxd4 Bxg2 20. Kxg2 O-O 21.
Nd2 Qb7+ 22. Ne4 Bc5 23. Qd1 Rad8 24. b4 Nf6 25. Qe2 Bd4 26. Kg1 Nxe4 27. Qxe4
Qxe4 28. Rxe4 Nd3 29. Rc2 Nxf4 30. gxf4 b5 31. Rc7 Bb6 32. Re7 Rd2 33. Ng2 Rxf2
34. Ne3 R2xf4 35. R7xe6 Rxe4 36. Rxe4 Rf3 37. Rxg4+ Kf7 38. Kg2 Rxe3 39. Rh4
Kg6 40. Rg4+ Kf6 41. Rh4 Rxa3 42. Rxh7 Ra4 43. Rh4 Bc7 44. Kf3 Bd6 45. Rh6+ Ke7
46. Rh7+ Ke6 47. Rh6+ Kd7 48. h4 Rxb4 49. Rh7+ Be7 50. h5 Rh4 51. Kg3 b4 52.
Rxe7+ Kxe7 53. Kxh4 Kf6 0-1

[Event "4NCL Division 2a"]
[Site "Northampton, ENG"]
[Date "2018.02.10"]
[Round "5.25"]
[White "Linford, Charles M"]
[Black "Disu, Kayode"]
[Result "1/2-1/2"]
[WhiteElo "2127"]
[BlackElo "1917"]
[PlyCount "67"]
[EventDate "2018.02.10"]
[WhiteTeam "Grantham Sharks 2"]
[BlackTeam "Kings Head"]

1. e4 d6 2. d4 Nf6 3. Nc3 e5 4. Nf3 exd4 5. Nxd4 Be7 6. Bc4 O-O 7. O-O Re8 8.
f4 Bf8 9. Qf3 c5 10. Nf5 Bxf5 11. exf5 Nc6 12. g4 d5 13. Nxd5 Nd4 14. Nxf6+
Qxf6 15. Qg2 b5 16. Bd3 Qe7 17. f6 gxf6 18. Qh3 f5 19. gxf5 Qf6 20. c3 c4 21.
Be4 Ne2+ 22. Kh1 Rxe4 23. Qg2+ Ng3+ 24. Qxg3+ Qg7 25. Rg1 Qxg3 26. Rxg3+ Kh8
27. Be3 Bg7 28. Rag1 Bf6 29. Bxa7 Rxf4 30. a3 Rxf5 31. Bb6 Re8 32. Rd1 Re6 33.
Bd8 h6 34. Bxf6+ 1/2-1/2

[Event "4NCL Division 2a"]
[Site "Northampton, ENG"]
[Date "2018.02.10"]
[Round "5.26"]
[White "Eefting, Martijn"]
[Black "Kafka, Graeme"]
[Result "1-0"]
[WhiteElo "1646"]
[BlackElo "2066"]
[PlyCount "69"]
[EventDate "2018.02.10"]
[WhiteTeam "Kings Head"]
[BlackTeam "Grantham Sharks 2"]

1. d4 d5 2. Nf3 Nf6 3. e3 c6 4. Bd3 Bg4 5. c4 e6 6. Qb3 Qb6 7. Ne5 Bh5 8. c5
Qc7 9. Qc2 Be7 10. b4 O-O 11. Nc3 Bg6 12. Nxg6 hxg6 13. O-O Nbd7 14. Rd1 e5 15.
dxe5 Nxe5 16. Bf1 a5 17. b5 Bxc5 18. Bb2 Nfg4 19. g3 Nf3+ 20. Kg2 Nfxh2 21. Be2
Nxf2 22. Kxf2 Rae8 23. Rd3 Rxe3 24. Rxe3 Re8 25. Nd1 Qb6 26. Qc3 f6 27. Rc1
Bxe3+ 28. Nxe3 Re4 29. Rh1 d4 30. Qc4+ Kf8 31. Ba3+ Ke8 32. Qg8+ Kd7 33. Qf7+
Kd8 34. Rxh2 Re8 35. Nc4 1-0

[Event "4NCL Division 2a"]
[Site "Northampton, ENG"]
[Date "2018.02.10"]
[Round "5.31"]
[White "Cornette, Matthieu"]
[Black "Brett, Andrew R"]
[Result "1-0"]
[WhiteElo "2612"]
[BlackElo "2114"]
[PlyCount "46"]
[EventDate "2018.02.10"]
[WhiteTeam "Celtic Tigers"]
[BlackTeam "Barbican Youth"]

1. Nf3 Nf6 2. c4 e6 3. g3 d5 4. Bg2 c6 5. O-O Be7 6. d4 O-O 7. Qc2 b6 8. Nbd2
Na6 9. a3 Bb7 10. e4 Rc8 11. Rd1 c5 12. exd5 cxd4 13. Nxd4 exd5 14. Nf5 Re8 15.
b4 Bf8 16. Bb2 g6 17. Qc3 gxf5 18. Qxf6 Qxf6 19. Bxf6 Bg7 20. Bxg7 Kxg7 21.
cxd5 Rcd8 22. Nc4 Nb8 23. Rd4 Re6 1-0

[Event "4NCL Division 2a"]
[Site "Northampton, ENG"]
[Date "2018.02.10"]
[Round "5.32"]
[White "Hodgson, John H"]
[Black "Cornette, Deimante"]
[Result "0-1"]
[WhiteElo "2097"]
[BlackElo "2440"]
[PlyCount "90"]
[EventDate "2018.02.10"]
[WhiteTeam "Barbican Youth"]
[BlackTeam "Celtic Tigers"]

1. e4 e5 2. Nf3 Nc6 3. Bb5 a6 4. Ba4 Nge7 5. c3 g6 6. d4 exd4 7. cxd4 b5 8. Bc2
d5 9. exd5 Nxd5 10. O-O Be6 11. Re1 Bg7 12. Nc3 Nxc3 13. bxc3 O-O 14. Bf4 Bd5
15. Be4 Bxe4 16. Rxe4 Na5 17. Qe2 Nc4 18. Re1 Nb6 19. h4 Nd5 20. Bd2 c5 21. h5
c4 22. h6 Bh8 23. g3 Rc8 24. Nh4 Qd7 25. Ng2 a5 26. Nf4 b4 27. Nxd5 Qxd5 28.
Re8 Rcxe8 29. Qxe8 bxc3 30. Bxc3 Bxd4 31. Bxd4 Qxd4 32. Qa4 Qd2 33. Re8 c3 34.
Rxf8+ Kxf8 35. Qa3+ Ke8 36. Qa4+ Ke7 37. Qxa5 Qe1+ 38. Kg2 Qe4+ 39. Kh2 c2 40.
Qc7+ Kf6 41. Qd8+ Kf5 42. Qc8+ Kg5 43. f4+ Kxh6 44. Qf8+ Kh5 45. Qc5+ Kg4 0-1

[Event "4NCL Division 2a"]
[Site "Northampton, ENG"]
[Date "2018.02.10"]
[Round "5.33"]
[White "Hoffmann, Hendrik"]
[Black "Hughes, Roy"]
[Result "1/2-1/2"]
[WhiteElo "2224"]
[BlackElo "2023"]
[PlyCount "149"]
[EventDate "2018.02.10"]
[WhiteTeam "Celtic Tigers"]
[BlackTeam "Barbican Youth"]

1. e4 d5 2. exd5 Qxd5 3. Nc3 Qd6 4. d4 Nf6 5. Nf3 c6 6. Ne5 Nbd7 7. Nc4 Qc7 8.
Qf3 Nb6 9. Bf4 Qd7 10. Nxb6 axb6 11. O-O-O Qg4 12. Qe3 Qe6 13. d5 Qxe3+ 14.
Bxe3 b5 15. dxc6 bxc6 16. Bxb5 Bd7 17. Bc4 e6 18. Rhe1 Be7 19. f3 h6 20. Bd4 c5
21. Be5 Bc6 22. a3 O-O 23. Bd6 Rfe8 24. Nb5 Bxd6 25. Rxd6 Rec8 26. Red1 Kf8 27.
Nc3 Ke7 28. Bb5 Bxb5 29. Nxb5 c4 30. Rb6 Nd5 31. Rb7+ Kf6 32. Rd4 Ra6 33. Rd7
Rcc6 34. Kd2 g5 35. Nc3 Nf4 36. g3 Ng6 37. Ne4+ Kg7 38. Rb7 Ne5 39. Ke2 Rab6
40. Rxb6 Rxb6 41. f4 gxf4 42. gxf4 Ng6 43. Nf2 Rxb2 44. Rxc4 Ne7 45. Nd3 Ra2
46. a4 Nd5 47. Kd2 Nb6 48. Rc6 Nd5 49. Ra6 Kf6 50. Ra7 h5 51. a5 Ra4 52. a6 h4
53. Ra8 Kf5 54. Rh8 Rxa6 55. Rxh4 Ra4 56. Rh5+ Kf6 57. Rh7 Kg6 58. Rh3 f6 59.
Nc5 Rd4+ 60. Rd3 Rxf4 61. Nxe6 Rf2+ 62. Kc1 Nb4 63. Rd2 Rf1+ 64. Kb2 Nc6 65.
Nd4 Ne5 66. Rg2+ Kf7 67. Kc3 Rd1 68. h4 Rh1 69. Nf5 Rh3+ 70. Rg3 Rh1 71. Rg7+
Ke6 72. Nd4+ Kd5 73. Nf5 Ke6 74. Nd4+ Kd5 75. Nf5 1/2-1/2

[Event "4NCL Division 2a"]
[Site "Northampton, ENG"]
[Date "2018.02.10"]
[Round "5.34"]
[White "Harari, Zaki"]
[Black "Quinn, John M"]
[Result "1/2-1/2"]
[WhiteElo "2016"]
[BlackElo "2161"]
[PlyCount "56"]
[EventDate "2018.02.10"]
[WhiteTeam "Barbican Youth"]
[BlackTeam "Celtic Tigers"]

1. e4 c5 2. d4 cxd4 3. c3 Nf6 4. e5 Nd5 5. Qxd4 e6 6. Nf3 Nc6 7. Qe4 f5 8. Qe2
b5 9. g3 a5 10. Bg2 Ba6 11. O-O Be7 12. Rd1 O-O 13. Nbd2 Qc7 14. Nf1 Bc5 15.
Ng5 Qxe5 16. Qxe5 Nxe5 17. Rxd5 exd5 18. Bxd5+ Kh8 19. Bxa8 Rxa8 20. Be3 Bxe3
21. Nxe3 h6 22. Nh3 Nf3+ 23. Kg2 Bb7 24. Ng1 Ne5+ 25. f3 g6 26. Rd1 Re8 27. Kf2
Bc6 28. f4 Nf7 1/2-1/2

[Event "4NCL Division 2a"]
[Site "Northampton, ENG"]
[Date "2018.02.10"]
[Round "5.35"]
[White "Pedersen, Carsten"]
[Black "French, Max"]
[Result "1/2-1/2"]
[WhiteElo "2134"]
[BlackElo "2057"]
[PlyCount "46"]
[EventDate "2018.02.10"]
[WhiteTeam "Celtic Tigers"]
[BlackTeam "Barbican Youth"]

1. e4 c6 2. Nf3 d5 3. exd5 cxd5 4. Ne5 Nf6 5. d4 g6 6. Bd3 Bg7 7. c3 O-O 8. O-O
Nc6 9. Qe2 Bf5 10. Bxf5 gxf5 11. Bf4 Rc8 12. Nd2 e6 13. Bg5 Qc7 14. Bxf6 Bxf6
15. f4 Kh8 16. Kh1 Rg8 17. Rg1 Rg7 18. g4 Ne7 19. gxf5 Nxf5 20. Rxg7 Bxg7 21.
Rg1 f6 22. Nd3 Re8 23. Qf3 Nd6 1/2-1/2

[Event "4NCL Division 2a"]
[Site "Northampton, ENG"]
[Date "2018.02.10"]
[Round "5.36"]
[White "Varney, Daniel"]
[Black "Maciol, Ryszard"]
[Result "0-1"]
[WhiteElo "2057"]
[BlackElo "2147"]
[PlyCount "62"]
[EventDate "2018.02.10"]
[WhiteTeam "Barbican Youth"]
[BlackTeam "Celtic Tigers"]

1. e4 e6 2. d4 d5 3. e5 c5 4. c3 Qb6 5. Bd3 Bd7 6. Nf3 Bb5 7. Bxb5+ Qxb5 8. Na3
Qb6 9. O-O cxd4 10. Qa4+ Nc6 11. Nb5 Rc8 12. Nbxd4 Qa5 13. Qb3 Qc7 14. Be3 a6
15. Nxc6 Qxc6 16. Bb6 Nh6 17. Nd4 Qd7 18. h3 Be7 19. Rfd1 O-O 20. Rac1 f6 21.
c4 fxe5 22. Nf3 e4 23. Nd2 Bg5 24. Be3 Bxe3 25. fxe3 Qf7 26. Rf1 Qh5 27. Qxb7
Qe2 28. Rcd1 Qxe3+ 29. Kh2 Nf5 30. Qxa6 Qg3+ 31. Kh1 Qg6 0-1

[Event "4NCL Division 2a"]
[Site "Northampton, ENG"]
[Date "2018.02.10"]
[Round "5.37"]
[White "Skulte, Christopher"]
[Black "Regan, Natasha K"]
[Result "1-0"]
[WhiteElo "1956"]
[BlackElo "1987"]
[PlyCount "89"]
[EventDate "2018.02.10"]
[WhiteTeam "Celtic Tigers"]
[BlackTeam "Barbican Youth"]

1. e4 e5 2. Nf3 Nc6 3. d4 exd4 4. Nxd4 Nxd4 5. Qxd4 Ne7 6. Bc4 Nc6 7. Qd5 Qf6
8. Bg5 Nb4 9. Bxf6 Nxd5 10. exd5 gxf6 11. O-O Bc5 12. Re1+ Kd8 13. Nd2 d6 14.
Ne4 Bd4 15. c3 Be5 16. g3 f5 17. Ng5 Rf8 18. f4 h6 19. Nxf7+ Rxf7 20. fxe5 dxe5
21. Rxe5 f4 22. Rf1 f3 23. Re3 Bg4 24. Be2 Kd7 25. Bxf3 Bxf3 26. Rfxf3 Rg7 27.
Rf6 Rh8 28. Ree6 h5 29. Rh6 Rf8 30. Rxh5 Rgf7 31. Re2 a5 32. d6 b6 33. dxc7
Kxc7 34. b3 Rd8 35. Rhe5 Rf3 36. c4 Kb7 37. Kg2 Rc3 38. h4 Rdd3 39. Rg5 a4 40.
bxa4 Rxc4 41. h5 Rxa4 42. h6 Ra8 43. Rg7+ Ka6 44. h7 Rh8 45. g4 1-0

[Event "4NCL Division 2a"]
[Site "Northampton, ENG"]
[Date "2018.02.10"]
[Round "5.38"]
[White "Morrison, Lynne G P"]
[Black "Way, Julian M"]
[Result "0-1"]
[WhiteElo "1868"]
[BlackElo "2030"]
[PlyCount "66"]
[EventDate "2018.02.10"]
[WhiteTeam "Barbican Youth"]
[BlackTeam "Celtic Tigers"]

1. d4 e6 2. Nf3 f5 3. g3 Nf6 4. Bg2 d5 5. b3 c6 6. O-O Bd6 7. Ba3 O-O 8. Bxd6
Qxd6 9. c4 Nbd7 10. Nc3 Ne4 11. Qd3 Qb4 12. Rfc1 a5 13. Na4 Qe7 14. Nc3 Kh8 15.
e3 g5 16. Ne5 Nxe5 17. dxe5 g4 18. Qe2 Qg7 19. cxd5 exd5 20. Na4 Qxe5 21. Nb6
Ra6 22. Nxc8 Rxc8 23. Qd3 Kg8 24. Rab1 Rd8 25. Bxe4 fxe4 26. Qe2 Qf5 27. Qb2
Rf8 28. Rc2 Rf6 29. Rf1 Rh6 30. a4 Qh5 31. f4 gxf3 32. Qd4 Qg5 33. Rff2 Rg6 0-1

[Event "4NCL Division 2a"]
[Site "Northampton, ENG"]
[Date "2018.02.10"]
[Round "5.41"]
[White "Taylor, Adam C"]
[Black "Willson, Ollie"]
[Result "1-0"]
[WhiteElo "2267"]
[BlackElo "2117"]
[PlyCount "99"]
[EventDate "2018.02.10"]
[WhiteTeam "Wood Green Monarchs"]
[BlackTeam "Sussex Martlets 1"]

1. g3 Nf6 2. b3 d5 3. Bb2 Bf5 4. Nf3 Nbd7 5. d3 e6 6. Nh4 Bg4 7. h3 Bh5 8. Nd2
Be7 9. Bg2 c6 10. O-O O-O 11. Qe1 Ne8 12. Nhf3 a5 13. e4 a4 14. Nh2 Nc7 15. g4
Bg6 16. f4 f6 17. Qg3 a3 18. Bd4 Nb5 19. Bf2 Bb4 20. c4 Nc3 21. Kh1 Nc5 22. Qe3
dxe4 23. d4 Nd3 24. Nxe4 Nxe4 25. Bxe4 Bxe4+ 26. Qxe4 Nxf2+ 27. Rxf2 Qd6 28.
Re2 Rfe8 29. Nf3 Ba5 30. g5 f5 31. Qe3 Bc7 32. Ne5 Rad8 33. Rd1 Qe7 34. Red2
Bxe5 35. dxe5 Rxd2 36. Qxd2 Qc5 37. Kg2 Kf7 38. Kf3 Re7 39. Qd6 Qa5 40. Ke2 Qc3
41. Qd3 Qb4 42. h4 Qc5 43. Qd6 Qxd6 44. exd6 Rd7 45. c5 Kg6 46. Ke3 h6 47. Kd4
Kf7 48. Ke5 hxg5 49. hxg5 Rd8 50. g6+ 1-0

[Event "4NCL Division 2a"]
[Site "Northampton, ENG"]
[Date "2018.02.10"]
[Round "5.42"]
[White "Grant, David J"]
[Black "Pein, Malcolm"]
[Result "0-1"]
[WhiteElo "2192"]
[BlackElo "2342"]
[PlyCount "100"]
[EventDate "2018.02.10"]
[WhiteTeam "Sussex Martlets 1"]
[BlackTeam "Wood Green Monarchs"]

1. e4 c5 2. Nf3 e6 3. Nc3 a6 4. d4 cxd4 5. Nxd4 Qc7 6. Qf3 Nf6 7. Bd3 d6 8. g4
Nc6 9. Nxc6 bxc6 10. g5 Nd7 11. Qg3 Rb8 12. h4 Ne5 13. Be2 d5 14. f4 Nd7 15. h5
Nc5 16. Bf3 Rb4 17. e5 a5 18. a3 Rb8 19. Qg2 Ba6 20. b3 a4 21. b4 Nd7 22. Bb2
c5 23. Nxa4 cxb4 24. axb4 Rxb4 25. Qd2 Qc6 26. Qc3 Rc4 27. Qb3 Rb4 28. Qc3 Rc4
29. Qb3 Bb4+ 30. c3 Be7 31. Nb6 Nxb6 32. Rxa6 Bc5 33. Qxc4 Bf2+ 34. Kxf2 Qxc4
35. Rha1 O-O 36. Kg3 Qb5 37. Bc1 f6 38. Be3 Nc4 39. Be2 fxe5 40. fxe5 Qb2 41.
Bc5 Qxe2 42. Bxf8 Qxe5+ 43. Kh3 Qf5+ 44. Kh4 Qf4+ 45. Kh3 Qf3+ 46. Kh2 Qxh5+
47. Kg2 Qxg5+ 48. Kh1 Ne3 49. R1a2 Kxf8 50. Re2 h5 0-1

[Event "4NCL Division 2a"]
[Site "Northampton, ENG"]
[Date "2018.02.10"]
[Round "5.43"]
[White "Littlewood, Paul E"]
[Black "Brewer, Callum D"]
[Result "0-1"]
[WhiteElo "2282"]
[BlackElo "2155"]
[PlyCount "54"]
[EventDate "2018.02.10"]
[WhiteTeam "Wood Green Monarchs"]
[BlackTeam "Sussex Martlets 1"]

1. d4 Nf6 2. c4 e6 3. Nf3 Bb4+ 4. Nbd2 d5 5. e3 Nbd7 6. a3 Be7 7. b3 b6 8. Bd3
Bb7 9. Qc2 c5 10. Bb2 Qc7 11. O-O Rc8 12. cxd5 exd5 13. Rac1 O-O 14. dxc5 bxc5
15. e4 Bd6 16. exd5 Bxd5 17. Bf5 Rb8 18. Qd3 Bc6 19. Rfe1 Rfe8 20. Rxe8+ Rxe8
21. g3 Be5 22. Nxe5 Nxe5 23. Qc3 Qd6 24. Qxc5 Qxd2 25. Bxe5 Bb7 26. Rf1 Qe2 27.
Bxf6 Qf3 0-1